000 00827nam a22002177a 4500
005 20180108115645.0
010 _a1718EN-30ENG-122004
020 _a9789352645046
_c699.00
035 _aEN-105536
035 _aB-683010-3028
037 _bAakar
_adpl
037 _bDBAD/PUB
082 _a230.35
100 _aShourie, Arun
245 _aTwo saints:
_cby Arun Shorie
_bspeculations around and about Ramakrishna Paramahamsa and Ramana Maharshi
260 _aNoida
_bHarper Collins Publishers
_c2017
270 _aA-75, Sector 57
_bNoida (Uttar Pradesh)
_e201301
300 _a481p.
_c24cm(hb)
942 _2ddc
_cEN
_h230.35
_mSHO
999 _c146061
_d146061